书目信息 |
| 题名: |
茅以升桥话
|
|
| 作者: | 茅以升科技教育基金会 选编 | |
| 分册: | ||
| 出版信息: | 成都 西南交通大学出版社 1997.09 |
|
| 页数: | 713页 | |
| 开本: | 32开 | |
| 丛书名: | ||
| 单 册: | ||
| 中图分类: | G112:U44 | |
| 科图分类: | ||
| 主题词: | 文化事业--世界 | |
| 电子资源: | ||
| ISBN: | 7-81057-048-X | |
| 000 | 00610nam0 2200193 45 | |
| 001 | 0008161541 | |
| 005 | 20000816154342.1 | |
| 010 | @a7-81057-048-X@d49.00元 | |
| 100 | @a20000816d1997 km y0chiy0120 ea | |
| 101 | 0 | @achi |
| 105 | @a z 000yy | |
| 200 | 1 | @a茅以升桥话@AMao Yi Sheng Qiao Hua@f茅以升科技教育基金会选编@FMao Yi Sheng Ke Ji Jiao Yu Ji Jin Hui Xuan Bian |
| 210 | @a成都@c西南交通大学出版社@d1997.09 | |
| 215 | @a713页@d32开 | |
| 606 | 0 | @a文化事业@x世界 |
| 690 | @aG112:U44@v3 | |
| 701 | 0 | @a茅以升科技教育基金会@4选编 |
| 801 | @aCN@bPftUser@c20000816 | |
| 905 | @b108059-061@dG112:U44@eM:799@f3 | |
| 茅以升桥话/茅以升科技教育基金会选编.-成都:西南交通大学出版社,1997.09 |
| 713页;32开 |
| ISBN 7-81057-048-X:49.00元 |
| ● |
| 相关链接 |
|
|
|
正题名:茅以升桥话
索取号:G112:U44/M:799
 
预约/预借
| 序号 | 登录号 | 条形码 | 馆藏地/架位号 | 状态 | 备注 |
| 1 | 108059 | 201080597 | 社科库409/409社科库 55排5列5层/ [索取号:G112:U44/M:799] | 在馆 | |
| 2 | 108060 | 201080604 | 社科二线422/422社科库 8排1列1层/ [索取号:G112:U44/M:799] | 在馆 | |
| 3 | 108061 | 201080613 | 社科二线422/409社科库 55排7列5层/ [索取号:G112:U44/M:799] | 在馆 |